|
|
|
|
| LEADER |
00000nam a22000007a 4500 |
| 005 |
20171212184623.0 |
| 007 |
cr|||| |||| |
| 008 |
171212s2014 bl |||||s|||| 00||0 por d |
| 020 |
|
|
|a 978-85-65017-07-7
|
| 035 |
|
|
|a 20896
|
| 040 |
|
|
|a vLex
|
| 090 |
|
|
|c 7309
|d 7309
|
| 100 |
1 |
|
|a Coelho, Luiz Fernando
|
| 245 |
1 |
0 |
|a Heln̊ia & Devl̕ia
|h [Recurso electrn̤ico]:
|b civilizaȯ̂ e barbr̀ie na saga dos direitos humanos /
|c Luiz Fernando Coelho
|
| 256 |
|
|
|a Servicio en ln̕ea
|
| 260 |
|
|
|a Curitiba:
|b Bonijuris,
|c 2014
|
| 300 |
|
|
|a 1 recurso electrn̤ico
|
| 500 |
|
|
|a Em pleno sčulo XXI, ̌possv̕el buscar novas formas de organizaȯ̂ polt̕ico-social baseadas nos valores de liberdade, igualdade e justiȧ? A profunda anl̀ise jusfilosf̤ica do autor nos orienta a compreender o porqu ̊de se falar em direitos humanos a partir de uma nova fundamentaȯ̂ metaťica. Seu pensamento crt̕ico questiona a polt̕ica e a civilizaȯ̂ moderna, a convivn̊cia entre os diferentes, o lugar da dignidade humana na sociedade e a democracia na qual se deseja viver. "O Brasil ser ̀Heln̊ia, com a ťica que produz o bem-estar e a felicidade do povo, ou Devl̕ia, com a corrupȯ̂ que est ̀na raiz da misřia, da inseguranȧ, da alienaȯ̂ e da exclusô social."
|
| 506 |
1 |
|
|a Disponible solo en los productos indicados
|d vLex Global
|d vLex Global (Academic Edition, excluding Law Schools)
|d vLex Global (U.S. Academic Edition, Law Schools)
|d vLex Global (U.S. Academic Edition, excluding Law Schools)
|d vLex Global (Academic Edition, Law Schools)
|
| 650 |
0 |
4 |
|a Derecho Constitucional
|z Brasil
|
| 650 |
0 |
4 |
|a Ciencias sociales
|z Brasil
|
| 650 |
0 |
4 |
|a Filosofa̕ y religin̤
|z Brasil
|
| 740 |
0 |
|
|a vLex Libros (Servicio en ln̕ea)
|
| 856 |
4 |
0 |
|u http://vlex.com/source/hel-nia-devilia-civiliza-o-e-barbarie-na-saga-dos-direitos-humanos-20896
|z Acceso restringido
|
| 942 |
|
|
|c BOOK
|
| 999 |
0 |
|
|a Constitutional law
|
| 999 |
0 |
|
|a Social science
|
| 999 |
0 |
|
|a Philosophy and religion
|